[Event "Aeroflot Open 2011 B"]
[Site "Moscu RUS"]
[Date "2011.02.14"]
[Round "7.28"]
[White "Korobkov, Piotr"]
[Black "Abbasifar, Hasan"]
[Result "0-1"]
[WhiteElo "2492"]
[BlackElo "2411"]
[PlyCount "80"]
[EventDate "2011.02.08"]
[EventType "swiss"]
[EventRounds "9"]
[EventCountry "RUS"]
[Source "lmi"]
[SourceDate "2011.02.08"]

1. d4 Nf6 2. c4 e6 3. g3 Bb4+ 4. Bd2 Be7 5. Bg2 O-O 6. d5 d6 7. Nc3 a5 8. e4
Nbd7 9. Qc2 Ne5 10. b3 exd5 11. cxd5 c6 12. f4 Ned7 13. Nge2 cxd5 14. exd5 Qb6
15. h3 Re8 16. g4 Bf8 17. Bf3 Nc5 18. Kf1 g6 19. Ng3 Bg7 20. Kg2 h6 21. Rae1
Bd7 22. Rxe8+ Rxe8 23. Re1 Rc8 24. Qb1 Na6 25. g5 hxg5 26. fxg5 Nh7 27. Nce4
Nb4 28. Rc1 Rxc1 29. Bxc1 Nxd5 30. Qd3 Be6 31. h4 Be5 32. h5 Kg7 33. hxg6 fxg6
34. Nf2 Qc5 35. Bd2 Nf4+ 36. Bxf4 Bxf4 37. Qe4 Qxg5 38. Qxb7+ Kh6 39. Nfe4 Qh4
40. Qc6 Ng5 0-1

[Event "Aeroflot Open 2011 B"]
[Site "Moscu RUS"]
[Date "2011.02.14"]
[Round "7.29"]
[White "Bajarani, Ulvi"]
[Black "Krapivin, Alexander"]
[Result "0-1"]
[WhiteElo "2393"]
[BlackElo "2476"]
[PlyCount "80"]
[EventDate "2011.02.08"]
[EventType "swiss"]
[EventRounds "9"]
[EventCountry "RUS"]
[Source "lmi"]
[SourceDate "2011.02.08"]

1. e4 c5 2. Nf3 e6 3. d4 cxd4 4. Nxd4 Nf6 5. Nc3 Nc6 6. Ndb5 d6 7. Bf4 e5 8.
Bg5 a6 9. Na3 b5 10. Nd5 Be7 11. Bxf6 Bxf6 12. c3 O-O 13. Nc2 Bg5 14. a4 bxa4
15. Rxa4 a5 16. Bc4 Bd7 17. O-O Nb4 18. Ra3 Nxd5 19. Bxd5 Rb8 20. b3 Qc8 21.
Qd3 Bd8 22. Ne3 Bb6 23. Nc4 Bb5 24. Nxb6 Qc5 25. Qxb5 Qxb5 26. Nc4 g6 27. h3
Kg7 28. Rfa1 f5 29. Ne3 Qc5 30. Bc4 f4 31. Nd5 Ra8 32. Bf1 Qc6 33. Ra4 Qb7 34.
Rb1 Rfb8 35. b4 axb4 36. Raxb4 Qc8 37. Nb6 Qxc3 38. Nd5 Qc8 39. Nb6 Qc5 40. Rb5
Ra7 0-1

[Event "Aeroflot Open 2011 B"]
[Site "Moscu RUS"]
[Date "2011.02.14"]
[Round "7.30"]
[White "Kremenietsky, Anatoly M"]
[Black "Stukopin, Andrey"]
[Result "0-1"]
[WhiteElo "2372"]
[BlackElo "2462"]
[PlyCount "84"]
[EventDate "2011.02.08"]
[EventType "swiss"]
[EventRounds "9"]
[EventCountry "RUS"]
[Source "lmi"]
[SourceDate "2011.02.08"]

1. d4 c5 2. c3 Nf6 3. Nf3 Qb6 4. e3 d5 5. Bd3 Nc6 6. Nbd2 Bg4 7. h3 Bh5 8. Be2
e6 9. a3 Bd6 10. b4 cxd4 11. cxd4 O-O 12. Bb2 Rfc8 13. O-O a5 14. b5 Ne7 15.
Bd3 a4 16. Nb1 Ne4 17. g4 Bg6 18. Nh4 Ng5 19. Nxg6 Nxg6 20. f4 Nxh3+ 21. Kg2
Nhxf4+ 22. exf4 Nxf4+ 23. Rxf4 Bxf4 24. Nc3 g6 25. Qf3 Bg5 26. Ne2 Rc7 27. Rf1
Qd6 28. Ng1 Qe7 29. Nh3 Bd2 30. Qf2 Bh6 31. Qg3 Bd2 32. g5 Rac8 33. Kh1 Bc1 34.
Bxc1 Rxc1 35. Nf2 Qxa3 36. Rxc1 Qxc1+ 37. Kg2 a3 38. Qe5 a2 39. Ng4 a1=Q 40.
Nh6+ Kf8 41. Qh8+ Ke7 42. Qf6+ Kd7 0-1

[Event "Aeroflot Open 2011 B"]
[Site "Moscu RUS"]
[Date "2011.02.14"]
[Round "7.31"]
[White "Bitoon, Richard"]
[Black "Artemiev, Vladislav"]
[Result "1-0"]
[WhiteElo "2461"]
[BlackElo "2384"]
[PlyCount "95"]
[EventDate "2011.02.08"]
[EventType "swiss"]
[EventRounds "9"]
[EventCountry "RUS"]
[Source "lmi"]
[SourceDate "2011.02.08"]

1. e4 c5 2. Nf3 d6 3. d4 cxd4 4. Nxd4 Nf6 5. Nc3 a6 6. Be3 e6 7. f3 b5 8. g4
Nfd7 9. Qd2 Nb6 10. Bg5 Qc7 11. O-O-O b4 12. Nce2 h6 13. Bh4 d5 14. Bg3 Qd7 15.
exd5 Qxd5 16. Kb1 Bc5 17. Qe1 O-O 18. Nb3 Qxf3 19. Bh3 Be7 20. Ned4 Qb7 21. Na5
Qd7 22. Bxb8 Rxb8 23. Ndc6 Qc7 24. Nxe7+ Qxe7 25. Nc6 Qc7 26. Nxb8 Nd5 27. Qg3
Qb6 28. Bg2 Nc3+ 29. Ka1 Nxd1 30. Rxd1 Rd8 31. Rxd8+ Qxd8 32. b3 Qd1+ 33. Kb2
Qd4+ 34. Kc1 Qa1+ 35. Kd2 Qd4+ 36. Ke1 a5 37. Nc6 Qc5 38. Qf2 Qg5 39. Qd2 Qh4+
40. Kf1 Ba6+ 41. Kg1 Kh7 42. h3 Qf6 43. Qf2 Qa1+ 44. Kh2 Qxa2 45. Be4+ Kg8 46.
Ne7+ Kf8 47. Qc5 g5 48. Ng6+ 1-0

[Event "Aeroflot Open 2011 B"]
[Site "Moscu RUS"]
[Date "2011.02.14"]
[Round "7.32"]
[White "Sieciechowicz, Marcin"]
[Black "Baghdasaryan, Vahe"]
[Result "1-0"]
[WhiteElo "2441"]
[BlackElo "2303"]
[PlyCount "65"]
[EventDate "2011.02.08"]
[EventType "swiss"]
[EventRounds "9"]
[EventCountry "RUS"]
[Source "lmi"]
[SourceDate "2011.02.08"]

1. d4 d5 2. c4 c6 3. Nf3 Nf6 4. Nc3 e6 5. g3 dxc4 6. Bg2 b5 7. Ne5 Nd5 8. O-O
f6 9. Nxd5 cxd5 10. e4 fxe5 11. exd5 Bb7 12. Qh5+ Kd7 13. Qxe5 Kc8 14. dxe6
Bxg2 15. Kxg2 a6 16. a4 Qc7 17. Qe4 Qb7 18. d5 Be7 19. Bf4 Re8 20. Be5 Bg5 21.
Rfd1 Kd8 22. axb5 axb5 23. Rxa8 Qxa8 24. Bxb8 Qxb8 25. d6 Bf6 26. e7+ Kd7 27.
Qf5+ Kc6 28. d7 Bxe7 29. dxe8=Q+ Qxe8 30. Qe4+ Kc7 31. Re1 Kd7 32. Qb7+ Kd6 33.
Qb6+ 1-0

[Event "Aeroflot Open 2011 B"]
[Site "Moscu RUS"]
[Date "2011.02.14"]
[Round "7.34"]
[White "Zilberman, Yaacov"]
[Black "Demianjuk, Alexander"]
[Result "1-0"]
[WhiteElo "2468"]
[BlackElo "2305"]
[PlyCount "97"]
[EventDate "2011.02.08"]
[EventType "swiss"]
[EventRounds "9"]
[EventCountry "RUS"]
[Source "lmi"]
[SourceDate "2011.02.08"]

1. d4 Nf6 2. c4 g6 3. Nc3 d5 4. Nf3 Bg7 5. e3 O-O 6. Bd2 c5 7. dxc5 Na6 8. cxd5
Nxc5 9. Bc4 a6 10. a4 Bf5 11. O-O Rc8 12. Nd4 Bd3 13. Bxd3 Nxd3 14. Qb1 Nb4 15.
e4 Nfxd5 16. Nce2 Bxd4 17. Nxd4 Qb6 18. Nf3 Nf6 19. e5 Nh5 20. Qe4 a5 21. Qh4
f6 22. Rad1 Ng7 23. exf6 exf6 24. Bxb4 axb4 25. Rd4 Nf5 26. Rxb4 Nxh4 27. Rxb6
Nxf3+ 28. gxf3 Rf7 29. Rd1 h5 30. b4 Kg7 31. a5 g5 32. Rdd6 Kg6 33. Kg2 h4 34.
h3 Rc2 35. f4 gxf4 36. Kf3 Kg5 37. Rd5+ f5 38. Rc5 Rb2 39. Rc1 Rb3+ 40. Kg2 Rd7
41. Rg1 Rd2 42. Kh2+ Rg3 43. Rg2 Kh5 44. Rf6 Rg5 45. Rf8 Rxg2+ 46. Kxg2 Rd5 47.
Rc8 Rd4 48. Rb8 Rxb4 49. a6 1-0

[Event "Aeroflot Open 2011 B"]
[Site "Moscu RUS"]
[Date "2011.02.14"]
[Round "7.35"]
[White "Kalegin, Evgenij"]
[Black "Oparin, Grigoriy"]
[Result "0-1"]
[WhiteElo "2462"]
[BlackElo "2328"]
[PlyCount "244"]
[EventDate "2011.02.08"]
[EventType "swiss"]
[EventRounds "9"]
[EventCountry "RUS"]
[Source "lmi"]
[SourceDate "2011.02.08"]

1. e4 c5 2. Nf3 d6 3. c3 Nf6 4. h3 Nc6 5. Bd3 d5 6. e5 Nd7 7. Bb5 Qa5 8. c4 e6
9. O-O Be7 10. d3 O-O 11. Bxc6 bxc6 12. Qe2 Qc7 13. Bf4 a5 14. Nc3 Ba6 15. b3
Nb6 16. h4 a4 17. h5 h6 18. Nh2 axb3 19. axb3 Rfb8 20. Ng4 Qd8 21. Qd2 Nd7 22.
Qd1 Bc8 23. Rb1 Rb7 24. Na4 Rab8 25. Be3 d4 26. Bd2 Bg5 27. f4 Bh4 28. Rf3 f5
29. exf6 Bxf6 30. Nf2 Be7 31. Ne4 Qf8 32. Rg3 Nf6 33. Rg6 Kh8 34. g4 Bd7 35.
Nxf6 Bxf6 36. g5 Bd8 37. Qe2 Qf5 38. gxh6 Be8 39. hxg7+ Rxg7 40. Rxg7 Kxg7 41.
Qe5+ Qxe5 42. fxe5 Be7 43. Bc1 Bxh5 44. Ba3 Be2 45. Bxc5 Bxd3 46. Rb2 Bg5 47.
Bxd4 Kg6 48. Nc5 Bxc4 49. Ne4 Bd5 50. Nxg5 Kxg5 51. b4 Kf4 52. Kf1 Ke4 53. Bf2
Rh8 54. Re2+ Kd3 55. Re3+ Kc4 56. Be1 Rh1+ 57. Ke2 Rh2+ 58. Kf1 Rc2 59. Re2 Rc1
60. Kf2 Kd3 61. Rd2+ Ke4 62. Re2+ Kd4 63. Bd2 Rh1 64. Bg5 Rh2+ 65. Ke1 Rh3 66.
Kf2 Rf3+ 67. Ke1 Kd3 68. Rd2+ Kc3 69. Rf2 Rg3 70. Bd2+ Kd3 71. Bf4 Rg1+ 72. Rf1
Rg4 73. Rf2 Ke4 74. Bh2 Ke3 75. Rb2 Kd3 76. Rd2+ Kc3 77. Rf2 Rxb4 78. Bf4 Kd3
79. Rd2+ Ke4 80. Bh6 Kxe5 81. Kf2 Rg4 82. Re2+ Kd4 83. Be3+ Kd3 84. Rd2+ Kc3
85. Re2 Rg2+ 86. Ke1 Rg3 87. Bf2 Rg4 88. Re3+ Kb4 89. Rg3 Rf4 90. Be3 Rf7 91.
Kd2 c5 92. Rg4+ Kb5 93. Rg1 Rh7 94. Rb1+ Kc6 95. Rc1 Rh2+ 96. Kd3 c4+ 97. Kc3
Ra2 98. Bd4 Ra3+ 99. Kb4 Rb3+ 100. Ka5 Kd6 101. Rc3 Rb1 102. Re3 Rd1 103. Bc3
Kc5 104. Ka4 Rb1 105. Be5 Rc1 106. Bb2 Rc2 107. Ka3 Kb5 108. Bc3 e5 109. Bb2 e4
110. Bc3 Kc5 111. Bb2 Rf2 112. Bg7 Rf3 113. Rc3 Rf2 114. Be5 Rf3 115. Bg7 e3
116. Kb2 e2 117. Rc1 Rf1 118. Bc3 Rd1 119. Kc2 Be4+ 120. Kb2 Kd5 121. Be1 Bd3
122. Bc3 Ke4 0-1

[Event "Aeroflot Open 2011 B"]
[Site "Moscu RUS"]
[Date "2011.02.14"]
[Round "7.36"]
[White "Kurukin, Dmitry"]
[Black "Delemarre, Jop"]
[Result "1/2-1/2"]
[WhiteElo "2313"]
[BlackElo "2455"]
[PlyCount "139"]
[EventDate "2011.02.08"]
[EventType "swiss"]
[EventRounds "9"]
[EventCountry "RUS"]
[Source "lmi"]
[SourceDate "2011.02.08"]

1. d4 Nf6 2. c4 g6 3. Nc3 Bg7 4. e4 d6 5. Nf3 O-O 6. h3 e5 7. d5 a5 8. Bg5 Na6
9. Nd2 c6 10. Be2 Bd7 11. h4 h6 12. Be3 Nc5 13. g4 a4 14. a3 Qa5 15. Kf1 cxd5
16. cxd5 b5 17. g5 hxg5 18. hxg5 Nh7 19. Bg4 Bxg4 20. Qxg4 Rfc8 21. Kg2 Nd3 22.
Rh4 Rxc3 23. bxc3 Qxc3 24. Rah1 Nf8 25. Qh3 Nf4+ 26. Bxf4 Qxh3+ 27. R4xh3 exf4
28. Rb1 Rc8 29. Rxb5 Rc2 30. Rd3 Nd7 31. Nf3 Kf8 32. Ra5 Rc4 33. Nd2 Rc2 34.
Ra8+ Ke7 35. Ra7 Ke8 36. Nf3 Rc4 37. Rd1 Bb2 38. Rb1 Rc2 39. Rxa4 Kf8 40. Ra8+
Kg7 41. Rh1 Nf8 42. a4 Ba3 43. Nd4 Rd2 44. Nf3 Ra2 45. Rd1 Bb4 46. Rd4 Bc5 47.
Rd2 Ra1 48. Rb2 Nd7 49. Ra6 Ra3 50. a5 Ra4 51. Re2 Ra3 52. e5 Nxe5 53. Nxe5
dxe5 54. f3 Rd3 55. Rxe5 Rd2+ 56. Kf1 Rf2+ 57. Ke1 Rxf3 58. d6 Bb4+ 59. Ke2 Ra3
60. Rd5 Re3+ 61. Kf2 Be1+ 62. Kf1 f3 63. Rc6 Bg3 64. Rc1 Re2 65. Rd3 Rf2+ 66.
Ke1 Ra2+ 67. Kf1 Rf2+ 68. Kg1 Rg2+ 69. Kf1 Rf2+ 70. Kg1 1/2-1/2

[Event "Aeroflot Open 2011 B"]
[Site "Moscu RUS"]
[Date "2011.02.14"]
[Round "7.37"]
[White "Tunik, Gennady"]
[Black "Guo, Qi"]
[Result "1/2-1/2"]
[WhiteElo "2450"]
[BlackElo "2310"]
[PlyCount "96"]
[EventDate "2011.02.08"]
[EventType "swiss"]
[EventRounds "9"]
[EventCountry "RUS"]
[Source "lmi"]
[SourceDate "2011.02.08"]

1. d4 e6 2. c4 Nf6 3. Nf3 d5 4. Nc3 Bb4 5. cxd5 exd5 6. Bg5 h6 7. Bxf6 Qxf6 8.
Qa4+ Nc6 9. e3 O-O 10. Be2 Be6 11. O-O a6 12. Rfc1 Bd6 13. Qd1 Ne7 14. a3 g5
15. Na4 b6 16. b4 Qg7 17. Nc5 g4 18. Nd2 bxc5 19. bxc5 Bxh2+ 20. Kxh2 h5 21.
Qh1 Qg5 22. Kg1 h4 23. Nf1 Kg7 24. Qh2 Ra7 25. Qf4 Qh5 26. e4 Ng6 27. Qe3 c6
28. f3 f5 29. exf5 Bxf5 30. fxg4 Bxg4 31. Bxg4 Qxg4 32. Nh2 Qf4 33. Re1 Rb7 34.
Nf3 Rb2 35. Qxf4 Nxf4 36. Nxh4 Ne2+ 37. Kh2 Nxd4 38. Rab1 Rbf2 39. Rbd1 Nf5 40.
Nxf5+ R8xf5 41. Re7+ Rf7 42. Re6 R7f6 43. Re7+ Kh6 44. Rd3 Rc2 45. Rh3+ Kg6 46.
Rg3+ Kf5 47. Rf3+ Kg6 48. Rg3+ Kf5 1/2-1/2

[Event "Aeroflot Open 2011 B"]
[Site "Moscu RUS"]
[Date "2011.02.14"]
[Round "7.38"]
[White "Hamitevici, Vladimir"]
[Black "Mammadova, Gulnar Marfat"]
[Result "1-0"]
[WhiteElo "2412"]
[BlackElo "2284"]
[PlyCount "75"]
[EventDate "2011.02.08"]
[EventType "swiss"]
[EventRounds "9"]
[EventCountry "RUS"]
[Source "lmi"]
[SourceDate "2011.02.08"]

1. d4 Nf6 2. c4 g6 3. g3 Bg7 4. Bg2 d5 5. cxd5 Nxd5 6. e4 Nb6 7. Ne2 O-O 8. O-O
Nc6 9. d5 Na5 10. Nbc3 c6 11. b3 cxd5 12. exd5 Bf5 13. Ba3 Nc8 14. Rc1 Nd6 15.
Nd4 Bd7 16. Ne4 Nxe4 17. Bxe4 Qb6 18. Bc5 Qf6 19. Nf3 b6 20. Bd4 Qd6 21. Be3
Qb4 22. Nd4 Rac8 23. Qd3 Rfd8 24. Rfd1 e5 25. dxe6 Rxc1 26. exf7+ Kh8 27. Rxc1
Bh3 28. Qc3 Qf8 29. b4 Rc8 30. Qe1 Nc4 31. Bb7 Rc7 32. Bg2 Bxg2 33. Ne6 Qxf7
34. Nxc7 Bb7 35. Bf4 b5 36. Rd1 Bf8 37. Qe6 Qg7 38. Bg5 1-0

[Event "Aeroflot Open 2011 B"]
[Site "Moscu RUS"]
[Date "2011.02.14"]
[Round "7.39"]
[White "Korchmar, Vasiliy"]
[Black "Poetsch, Hagen"]
[Result "0-1"]
[WhiteElo "2216"]
[BlackElo "2408"]
[PlyCount "46"]
[EventDate "2011.02.08"]
[EventType "swiss"]
[EventRounds "9"]
[EventCountry "RUS"]
[Source "lmi"]
[SourceDate "2011.02.08"]

1. e4 c5 2. Nf3 d6 3. d4 cxd4 4. Nxd4 Nf6 5. Nc3 a6 6. Bg5 Nbd7 7. Qe2 Qa5 8.
f4 h6 9. Bh4 g6 10. O-O-O Bg7 11. g4 Nc5 12. Rg1 g5 13. fxg5 hxg5 14. Be1 Qb6
15. h3 Be6 16. Bf2 Qa5 17. Nxe6 Nxe6 18. Be3 Rc8 19. Bd2 Nd7 20. Kb1 Bxc3 21.
Bxc3 Rxc3 22. Qd2 Rc5 23. b4 Qb6 0-1

[Event "Aeroflot Open 2011 B"]
[Site "Moscu RUS"]
[Date "2011.02.14"]
[Round "7.40"]
[White "Antipov, Mikhail Al"]
[Black "Tarasova, Viktoriya"]
[Result "1/2-1/2"]
[WhiteElo "2358"]
[BlackElo "2289"]
[PlyCount "157"]
[EventDate "2011.02.08"]
[EventType "swiss"]
[EventRounds "9"]
[EventCountry "RUS"]
[Source "lmi"]
[SourceDate "2011.02.08"]

1. d4 d5 2. c4 c6 3. Nf3 Nf6 4. e3 a6 5. Bd3 Bg4 6. Nbd2 Nbd7 7. O-O e6 8. b3
Bd6 9. Qc2 O-O 10. Bb2 Qb8 11. h3 Bh5 12. Ng5 Bg6 13. Bxg6 hxg6 14. e4 Bf4 15.
Ndf3 dxe4 16. Nxe4 Nxe4 17. Qxe4 Nf6 18. Qe2 Qc7 19. Ne5 Nd7 20. Qe4 Bxe5 21.
dxe5 Rfd8 22. Rfd1 Nf8 23. Qe3 Rxd1+ 24. Rxd1 Rd8 25. Rxd8 Qxd8 26. Ba3 g5 27.
Qa7 Qc8 28. Bxf8 Kxf8 29. Qc5+ Ke8 30. Qd6 f6 31. c5 Kf7 32. f3 fxe5 33. Qxe5
Qd8 34. Kh2 Qd5 35. Qe3 Qf5 36. Kg3 Qd5 37. b4 Kf6 38. a3 e5 39. Qe4 Qd2 40. h4
gxh4+ 41. Qxh4+ Kg6 42. Kh3 Qc1 43. Qg4+ Kf6 44. Qd7 Qh6+ 45. Kg3 Qf4+ 46. Kf2
Qh4+ 47. Ke2 Qc4+ 48. Qd3 Qa2+ 49. Kf1 Qa1+ 50. Kf2 Qb2+ 51. Kg3 Qc1 52. Qd8+
Kf7 53. Qd6 Qg5+ 54. Kf2 Qh4+ 55. Ke2 Qc4+ 56. Ke3 Qc1+ 57. Ke4 Qf4+ 58. Kd3
Qf5+ 59. Kc3 Qf6 60. Qd7+ Qe7 61. Qxe7+ Kxe7 62. Kb3 Kd7 63. Ka4 Kc8 64. Ka5
Kc7 65. a4 Kc8 66. Kb6 Kb8 67. b5 axb5 68. axb5 cxb5 69. Kxb5 Kc7 70. Kb4 Kd7
71. Kb3 Kc7 72. Kc3 Kd7 73. Kb4 Ke6 74. Kc4 g6 75. g3 Kf5 76. Kd3 g5 77. Ke3 g4
78. fxg4+ Kxg4 79. Ke4 1/2-1/2

[Event "Aeroflot Open 2011 B"]
[Site "Moscu RUS"]
[Date "2011.02.14"]
[Round "7.41"]
[White "Wang, Jue"]
[Black "Khantuev, Alexander"]
[Result "0-1"]
[WhiteElo "2252"]
[BlackElo "2347"]
[PlyCount "120"]
[EventDate "2011.02.08"]
[EventType "swiss"]
[EventRounds "9"]
[EventCountry "RUS"]
[Source "lmi"]
[SourceDate "2011.02.08"]

1. e4 e6 2. d4 d5 3. Nc3 Nf6 4. e5 Nfd7 5. f4 c5 6. Nf3 a6 7. Be3 Qb6 8. a3 Qa7
9. Ne2 Nc6 10. dxc5 Bxc5 11. Ned4 O-O 12. Bg1 f6 13. Nxe6 Bxg1 14. Nxg1 Rf7 15.
Nc7 Ndxe5 16. fxe5 Rxc7 17. Qxd5+ Kh8 18. Qd6 Rf7 19. Be2 Bf5 20. e6 Re7 21.
O-O-O Rxe6 22. Qd2 Qc5 23. Bd3 Rd8 24. Kb1 Ne5 25. b4 Qb6 26. Qf4 Bxd3 27. cxd3
Nxd3 28. Qd2 Red6 29. Qe2 a5 30. Nf3 axb4 31. a4 Qa6 32. Qa2 b3 33. Qa3 Qc4 34.
Rd2 Qe4 35. Qxb3 Nf2+ 36. Qc2 Rb6+ 37. Ka1 Ra8 38. Rxf2 Rxa4+ 39. Qxa4 Qxa4+
40. Ra2 Qe8 41. Re1 Qc8 42. Rc2 Qa8+ 43. Ra2 Ra6 44. Rxa6 Qxa6+ 45. Kb2 h5 46.
h4 Qc4 47. Re3 b5 48. Rc3 Qb4+ 49. Rb3 Qg4 50. Ne1 Qxh4 51. Nc2 Qf2 52. Rxb5 g6
53. Rb7 Qxg2 54. Rb8+ Kg7 55. Ka1 h4 56. Rb1 h3 57. Ne3 Qa8+ 58. Kb2 Qb7+ 59.
Ka2 Qxb1+ 60. Kxb1 h2 0-1

[Event "Aeroflot Open 2011 B"]
[Site "Moscu RUS"]
[Date "2011.02.14"]
[Round "7.42"]
[White "Tologontegin, Semetey"]
[Black "Delorme, Axel"]
[Result "1/2-1/2"]
[WhiteElo "2331"]
[BlackElo "2492"]
[PlyCount "104"]
[EventDate "2011.02.08"]
[EventType "swiss"]
[EventRounds "9"]
[EventCountry "RUS"]
[Source "lmi"]
[SourceDate "2011.02.08"]

1. d4 Nf6 2. c4 e6 3. Nc3 Bb4 4. e3 O-O 5. Nge2 d5 6. a3 Be7 7. cxd5 Nxd5 8. g3
Nxc3 9. Nxc3 c5 10. dxc5 Bxc5 11. Bg2 Qxd1+ 12. Kxd1 Nd7 13. Bd2 Ne5 14. Ne4
Be7 15. Bc3 Nc4 16. Rc1 Rd8+ 17. Ke2 Bd7 18. Rhd1 Bb5 19. Ke1 Bc6 20. Bd4 Na5
21. Rc3 Bd5 22. f3 Nc6 23. Rcd3 Nxd4 24. Rxd4 Rac8 25. Nc3 Bc6 26. Rxd8+ Rxd8
27. Rxd8+ Bxd8 28. Kf2 Bb6 29. Bf1 Kf8 30. Bb5 Bxb5 31. Nxb5 Ke7 32. Ke2 h5 33.
e4 g6 34. Nc3 Bg1 35. h3 Kf6 36. f4 g5 37. Kf3 Bd4 38. e5+ Kg6 39. Ke4 Bf2 40.
Ne2 g4 41. hxg4 hxg4 42. a4 a5 43. Kd3 Kf5 44. Nd4+ Kg6 45. Ne2 f6 46. Ke4 Be1
47. exf6 Kxf6 48. Ke3 Ke7 49. Kd4 Bf2+ 50. Ke5 b6 51. f5 exf5 52. Kxf5 Kd6
1/2-1/2

[Event "Aeroflot Open 2011 B"]
[Site "Moscu RUS"]
[Date "2011.02.14"]
[Round "7.43"]
[White "Carlstedt, Jonathan"]
[Black "Denisov, Lev"]
[Result "1/2-1/2"]
[WhiteElo "2409"]
[BlackElo "2337"]
[PlyCount "45"]
[EventDate "2011.02.08"]
[EventType "swiss"]
[EventRounds "9"]
[EventCountry "RUS"]
[Source "lmi"]
[SourceDate "2011.02.08"]

1. c4 c6 2. g3 d5 3. Nf3 Nf6 4. Bg2 Bf5 5. cxd5 cxd5 6. Qb3 Bc8 7. O-O Nc6 8.
d4 e6 9. Nc3 Bd6 10. Bg5 O-O 11. Rad1 Be7 12. Rfe1 b6 13. Bxf6 Bxf6 14. e4 dxe4
15. Nxe4 Bb7 16. Nc5 Bc8 17. Qa4 Qc7 18. Ne4 Be7 19. Qc2 Bb7 20. Rc1 Qd8 21. a3
Rc8 22. Qd3 Rc7 23. Nc3 1/2-1/2

[Event "Aeroflot Open 2011 B"]
[Site "Moscu RUS"]
[Date "2011.02.14"]
[Round "7.44"]
[White "Vishnu, Prasanna V"]
[Black "Shevelev, Arkady"]
[Result "1/2-1/2"]
[WhiteElo "2369"]
[BlackElo "2303"]
[PlyCount "95"]
[EventDate "2011.02.08"]
[EventType "swiss"]
[EventRounds "9"]
[EventCountry "RUS"]
[Source "lmi"]
[SourceDate "2011.02.08"]

1. e4 c6 2. d4 d5 3. e5 Bf5 4. Nf3 e6 5. Be2 Nd7 6. O-O Bg6 7. Nbd2 Nh6 8. c3
Be7 9. Ne1 c5 10. Nd3 Nf5 11. Nf3 cxd4 12. cxd4 Bh5 13. Nf4 Bxf3 14. Bxf3 Qb6
15. Bg4 g6 16. Bxf5 gxf5 17. Be3 O-O-O 18. Qh5 Rdf8 19. a4 Rhg8 20. Nd3 Rg4 21.
b4 Qd8 22. a5 Rfg8 23. g3 R8g6 24. a6 b6 25. Rac1+ Kb8 26. h3 Re4 27. Qe2 Bg5
28. Bxg5 Rxg5 29. Qc2 Nf8 30. Qc6 Qd7 31. Rc2 Rxd4 32. Rfc1 Qxc6 33. Rxc6 Rc4
34. R1xc4 dxc4 35. Rxc4 Nd7 36. b5 Rg8 37. Kg2 Rc8 38. Rd4 Rc7 39. g4 fxg4 40.
hxg4 Kc8 41. f4 Nc5 42. Nb4 Nb3 43. Rd6 Na5 44. Nd3 Nc4 45. Rd4 Na3 46. Rb4 Nc2
47. Rb1 Rc3 48. Rc1 1/2-1/2

[Event "Aeroflot Open 2011 B"]
[Site "Moscu RUS"]
[Date "2011.02.14"]
[Round "7.45"]
[White "Ivakhinova, Inna"]
[Black "Yuferev, Oleg"]
[Result "0-1"]
[WhiteElo "2324"]
[BlackElo "2367"]
[PlyCount "112"]
[EventDate "2011.02.08"]
[EventType "swiss"]
[EventRounds "9"]
[EventCountry "RUS"]
[Source "lmi"]
[SourceDate "2011.02.08"]

1. d4 d5 2. Nf3 Nf6 3. c4 dxc4 4. Nc3 a6 5. e4 b5 6. e5 Nd5 7. a4 Bb7 8. e6 f6
9. Be2 g6 10. O-O Bg7 11. Ne4 Nb4 12. Nc5 Bd5 13. axb5 axb5 14. Rxa8 Bxa8 15.
b3 Bd5 16. bxc4 bxc4 17. Qa4+ N8c6 18. Ba3 Nd3 19. Nxd3 cxd3 20. Bxd3 O-O 21.
Bb5 Qa8 22. Rc1 Bxf3 23. gxf3 Nxd4 24. Qxd4 Qxa3 25. Rxc7 f5 26. Qd7 Bf6 27.
Kg2 Kg7 28. Rc8 Rxc8 29. Qxc8 Qb2 30. Qd7 Bh4 31. Kh3 Qxf2 32. Qd3 Bf6 33. Qe2
Qd4 34. Kg2 Be5 35. Bc4 Qf4 36. Kg1 h5 37. Bb3 h4 38. Ba2 h3 39. Bb3 Bd4+ 40.
Kh1 Qg5 41. Qf1 Qe3 42. Bc4 Kf6 43. Bd5 Ke5 44. Bc4 g5 45. Qe2 Qxe2 46. Bxe2
Kxe6 47. Bf1 Ke5 48. Bxh3 Kf4 49. Bg2 e6 50. h4 gxh4 51. Kh2 Bf2 52. Bh1 Bg3+
53. Kg2 Ke3 54. Kg1 h3 55. Kf1 f4 56. Kg1 Ke2 0-1

[Event "Aeroflot Open 2011 B"]
[Site "Moscu RUS"]
[Date "2011.02.14"]
[Round "7.46"]
[White "Filipenko, Alexander V"]
[Black "Dolzhykova, Kateryna"]
[Result "1-0"]
[WhiteElo "2357"]
[BlackElo "2303"]
[PlyCount "93"]
[EventDate "2011.02.08"]
[EventType "swiss"]
[EventRounds "9"]
[EventCountry "RUS"]
[Source "lmi"]
[SourceDate "2011.02.08"]

1. e4 c5 2. Nf3 d6 3. c3 Nf6 4. h3 Nc6 5. Bd3 g6 6. Bc2 Bg7 7. d4 cxd4 8. cxd4
O-O 9. Nc3 e5 10. dxe5 dxe5 11. Be3 Qa5 12. O-O Rd8 13. Qc1 Nd4 14. Bd1 Be6 15.
Bh6 Rd7 16. Qg5 Nxf3+ 17. Bxf3 Bxh6 18. Qxh6 Rad8 19. a3 Bb3 20. h4 Rd2 21. h5
Rxb2 22. Qg5 Qb6 23. Qxe5 Qd4 24. Qxd4 Rxd4 25. Rfb1 Rdd2 26. Rxb2 Rxb2 27. h6
Kf8 28. Nd1 Ra2 29. Rc1 Bxd1 30. Rxd1 Ke7 31. Rc1 Kd6 32. g4 Rxa3 33. Kg2 b5
34. e5+ Kxe5 35. Rc7 g5 36. Rc5+ Ke6 37. Rxb5 a5 38. Rxg5 a4 39. Ra5 Ra1 40. g5
Ne8 41. Bd5+ Kd7 42. Bxf7 Nd6 43. Ra7+ Kc6 44. Ra6+ Kd7 45. Rxd6+ Kxd6 46. g6
a3 47. gxh7 1-0

[Event "Aeroflot Open 2011 B"]
[Site "Moscu RUS"]
[Date "2011.02.14"]
[Round "7.47"]
[White "Poghosyan, Suren"]
[Black "Zolotukhin, Valery"]
[Result "0-1"]
[WhiteElo "2317"]
[BlackElo "2348"]
[PlyCount "94"]
[EventDate "2011.02.08"]
[EventType "swiss"]
[EventRounds "9"]
[EventCountry "RUS"]
[Source "lmi"]
[SourceDate "2011.02.08"]

1. d4 Nf6 2. c4 c5 3. e3 g6 4. Nc3 Bg7 5. Nf3 O-O 6. Bd3 cxd4 7. exd4 d5 8. h3
Nc6 9. O-O b6 10. cxd5 Nxd5 11. Bc4 Be6 12. Bb5 Rc8 13. Ne4 Ndb4 14. Be3 Bd5
15. Nc3 Bxf3 16. Qxf3 Nxd4 17. Bxd4 Qxd4 18. Rad1 Qh4 19. g3 Qg5 20. h4 Qf5 21.
Qb7 Rc5 22. Bd7 Qc2 23. Rc1 Qxb2 24. Na4 Qxc1 25. Rxc1 Rxc1+ 26. Kg2 Bd4 27.
Qe4 e5 28. a3 Na6 29. h5 Nc5 30. Nxc5 bxc5 31. Bc6 Rd1 32. Bd5 Kg7 33. Qh4 Rd2
34. Qe7 Rxf2+ 35. Kh3 Rf1 36. Bc4 Rh1+ 37. Kg2 Rxh5 38. g4 Rh6 39. Ba2 Rb8 40.
g5 Rh4 41. Qf6+ Kg8 42. Bc4 Rb2+ 43. Kg3 Rf4 44. Bxf7+ Kf8 45. Qh8+ Kxf7 46.
Qxh7+ Kf8 47. Qxg6 Rb3+ 0-1

[Event "Aeroflot Open 2011 B"]
[Site "Moscu RUS"]
[Date "2011.02.14"]
[Round "7.48"]
[White "Malek, Daniel"]
[Black "Bajt, Indira"]
[Result "1-0"]
[WhiteElo "2340"]
[BlackElo "2215"]
[PlyCount "79"]
[EventDate "2011.02.08"]
[EventType "swiss"]
[EventRounds "9"]
[EventCountry "RUS"]
[Source "lmi"]
[SourceDate "2011.02.08"]

1. d4 Nf6 2. c4 g6 3. Nc3 Bg7 4. e4 d6 5. Nf3 Na6 6. Be2 O-O 7. O-O e5 8. Be3
Ng4 9. Bg5 Qe8 10. Re1 exd4 11. Nd5 f6 12. Bf4 c6 13. Bxd6 Rf7 14. Nxd4 cxd5
15. exd5 Qd8 16. c5 f5 17. Ne6 Qh4 18. Bg3 Qf6 19. Bc4 Bxe6 20. dxe6 Re7 21.
Bd6 Qh4 22. Re2 Nxc5 23. f3 Ne3 24. Bxe7 Qxc4 25. Rc1 Nxd1 26. Rxc4 Nd3 27.
Rec2 Re8 28. Rc8 Bd4+ 29. Kf1 Ne3+ 30. Ke2 Nf4+ 31. Kd2 Nxe6 32. Rxe8+ Kf7 33.
Rcc8 Nd5 34. Ba3 Nb6 35. Re7+ Kf6 36. Rce8 Nc4+ 37. Kd3 Ne5+ 38. Kc2 Nf4 39. g3
Nd5 40. Re6+ 1-0